Dans quels pays sont les plus grandes agglomérations d'Europe ? - Statistiques

Statistiques générales
  • Ce quiz a été pris 102 fois
  • Le résultat moyen est 31 sur 33
Statistiques - réponses
Hint Réponse % Correct
Madrid Espagne
100%
Paris France
100%
Londres Royaume Uni
100%
Moscou Russie
100%
Berlin Allemagne
99%
Bruxelles Belgique
99%
Milan Italie
99%
Naples Italie
99%
Rome Italie
99%
Manchester Royaume Uni
99%
Cologne - Düsseldorf Allemagne
98%
Barcelone Espagne
98%
Athènes Grèce
98%
Rotterdam Pays Bas
98%
Amsterdam Pays Bas
98%
Birmingham Royaume Uni
98%
Lisbonne Portugal
97%
Saint Petersbourg Russie
97%
Kiev Ukraine
97%
Hambourg Allemagne
96%
Lyon France
96%
Munich Allemagne
94%
Varsovie Pologne
92%
Stockholm Suède
92%
Francfort sur le Main Allemagne
91%
Vienne Autriche
91%
Bucarest Roumanie
89%
Stuttgart Allemagne
87%
Leeds Royaume Uni
87%
Budapest Hongrie
84%
La Ruhr Allemagne
83%
Minsk Biélorussie
74%
Katowice Pologne
62%
Aucun quiz correspondant
Distribution des résultats
% des personnes avec chaque résultat
Percentile par nombre de réponses
Votre historique - résultats
Vous n’avez pas pris ce quiz